Machine tool automation by electronic controll (Record no. 16868)
[ view plain ]
| 000 -LEADER | |
|---|---|
| fixed length control field | 00267nam a22001097a 4500 |
| 003 - CONTROL NUMBER IDENTIFIER | |
| control field | OSt |
| 008 - FIXED-LENGTH DATA ELEMENTS--GENERAL INFORMATION | |
| fixed length control field | 210122b ||||| |||| 00| 0 eng d |
| 082 ## - DEWEY DECIMAL CLASSIFICATION NUMBER | |
| Classification number | 621.902 |
| Item number | MAC/MA |
| 245 ## - TITLE STATEMENT | |
| Title | Machine tool automation by electronic controll |
| 942 ## - ADDED ENTRY ELEMENTS (KOHA) | |
| Koha item type | Books |
| Withdrawn status | Lost status | Damaged status | Home library | Current library | Date acquired | Full call number | Accession Number | Koha item type |
|---|---|---|---|---|---|---|---|---|
| KAUAET | KAUAET | 22/01/2021 | 621.902 MAC/MA | 3857 | Books |
